01115nam a2200289Ia 4500001000800000003000500008008004100013010001100054040000900065090001800074100003800092245025900130260003100389300001000420410002900430650002800459700004100487700004600528901001800574902000600592905006300598910000900661942000900670942001200679999001900691952011500710Para_46CHAP220125s1977 xx 000 0 und d a198619 cCHAP aPA FOLLETO 49 aBodegas Valera, René P.9163900 aAspectos de interes sobre las hospederas alternantes del picudo del algodonero A. Gradis y avances en la investigacion respectiva en el soconusco, Chiapas, México /c por P. René Bodegas Valera, Rodolfo Flores García y Martha E. de los Coss Flores aTapachula, Chis. :b CIES a14 p. aBoletín informativo; 3 aAlgodónxPlagas94046 aI. Flores García, Rodolfo 9163896 aII. Coss Flores, Martha E. de los9163901 aPA FOLLETO 49 aA a0000071977 tapa 0000000000 00 a1977 cPARA cPARAd1 c198619d198619 00102local40708FOLLaPAbPAc12d2005-10-27fPARAl0pPA_2048r2022-01-25 00:00:00t1w2022-01-25yFOLLz3